<?xml version="1.0" encoding="UTF-8"?>
<record
    xmlns:xsi="http://www.w3.org/2001/XMLSchema-instance"
    xsi:schemaLocation="http://www.loc.gov/MARC21/slim http://www.loc.gov/standards/marcxml/schema/MARC21slim.xsd"
    xmlns="http://www.loc.gov/MARC21/slim">

  <leader>00512nam a2200145   4500</leader>
  <controlfield tag="008">708 D296d</controlfield>
  <datafield tag="082" ind1=" " ind2=" ">
    <subfield code="a">708 </subfield>
    <subfield code="b">D296d</subfield>
  </datafield>
  <datafield tag="100" ind1=" " ind2=" ">
    <subfield code="a">Muzeo</subfield>
    <subfield code="9">6198</subfield>
  </datafield>
  <datafield tag="245" ind1=" " ind2=" ">
    <subfield code="a">Deconstructing Liberty</subfield>
    <subfield code="b">A Destiny Manifiested</subfield>
  </datafield>
  <datafield tag="260" ind1=" " ind2=" ">
    <subfield code="a">Anaheim</subfield>
    <subfield code="b">Muzeo</subfield>
    <subfield code="c">2017</subfield>
  </datafield>
  <datafield tag="300" ind1=" " ind2=" ">
    <subfield code="a">32 p.</subfield>
    <subfield code="b">ill (col)</subfield>
    <subfield code="c">23.5 x 23.5 cm.</subfield>
  </datafield>
  <datafield tag="440" ind1=" " ind2=" ">
    <subfield code="a">Pacific Stardard Time: LA/LA</subfield>
    <subfield code="9">6199</subfield>
  </datafield>
  <datafield tag="650" ind1=" " ind2=" ">
    <subfield code="x">arte contempor&#xE1;neo</subfield>
    <subfield code="x">instalaci&#xF3;n art&#xED;stica</subfield>
    <subfield code="x">v&#xED;deo</subfield>
    <subfield code="x">fotograf&#xED;a</subfield>
    <subfield code="x">libertad</subfield>
    <subfield code="x">exhibiciones</subfield>
    <subfield code="x">arte latino en LA</subfield>
    <subfield code="9">6200</subfield>
  </datafield>
  <datafield tag="700" ind1=" " ind2=" ">
    <subfield code="a">Marisa Caichiolo (curadora)</subfield>
    <subfield code="9">6201</subfield>
  </datafield>
  <datafield tag="999" ind1=" " ind2=" ">
    <subfield code="c">1407</subfield>
    <subfield code="d">1407</subfield>
  </datafield>
  <datafield tag="952" ind1=" " ind2=" ">
    <subfield code="0">0</subfield>
    <subfield code="1">0</subfield>
    <subfield code="2">ddc</subfield>
    <subfield code="4">0</subfield>
    <subfield code="7">0</subfield>
    <subfield code="a">LV</subfield>
    <subfield code="b">LV</subfield>
    <subfield code="c">Colectivas</subfield>
    <subfield code="d">2018-03-17</subfield>
    <subfield code="l">0</subfield>
    <subfield code="o">708  D296d</subfield>
    <subfield code="r">2018-03-17 00:00:00</subfield>
    <subfield code="w">2018-03-17</subfield>
    <subfield code="y">01</subfield>
  </datafield>
</record>
